Footballeurs de ligue 1 en image #1 - Statistiques

Statistiques générales
  • Ce quiz a été pris 363 fois
  • Le résultat moyen est 12 sur 16
Statistiques - réponses
Par images Réponse % Correct
Aubameyang
97%
Zaïre-Emery
92%
Umtiti
91%
Marquinhos
87%
Caqueret
83%
Fofana
82%
Sissoko
81%
Terrier
81%
Asensio
80%
Vitinha
78%
Sotoca
77%
Matic
69%
Moffi
63%
Bulka
62%
Abdelhamid
52%
Faivre
52%
Aucun quiz correspondant
Distribution des résultats
% des personnes avec chaque résultat
Percentile par nombre de réponses
Votre historique - résultats
Vous n’avez pas pris ce quiz